[Event "EU-ch Seniors 65 22nd"]
[Site "Acqui Terme"]
[Date "2023.05.31"]
[Round "6"]
[White "Alquist, Erik"]
[Black "Patrucco, Carlo"]
[Result "1/2-1/2"]
[WhiteElo "1960"]
[BlackElo "1734"]
[PlyCount "60"]
[EventDate "2023.05.26"]
[EventType "swiss"]
[EventRounds "9"]
[EventCountry "ITA"]
[SourceTitle "CBM 214 Extra"]
[Source "ChessBase"]
[SourceDate "2023.07.31"]
[SourceVersion "1"]
[SourceVersionDate "2023.07.31"]
[SourceQuality "1"]

1. e4 c6 2. d4 d5 3. e5 c5 4. Nf3 Bg4 5. dxc5 e6 6. a3 Bxc5 7. b4 Be7 8. Bb2 Nd7 9. Nbd2 a5 10. b5 Nh6 11. h3 Bxf3 12. Qxf3 0-0 13. c4 Nb6 14. Rd1 f6 15. Qh5 Nf5 16. Bd3 Qe8 17. Qg4 fxe5 18. Bxe5 Bf6 19. Bxf6 Rxf6 20. 0-0 Qf8 21. Nf3 Nxc4 22. Bxc4 dxc4 23. Qxc4 Qxa3 24. Rd7 Raf8 25. Rfd1 Ne3 26. fxe3 Qxe3+ 27. Kh2 Rxf3 28. gxf3 Qf2+ 29. Kh1 Qxf3+ 30. Kh2 Qf2+ 1/2-1/2

[Event "Reinstorf op"]
[Site "Reinstorf"]
[Date "2022.01.29"]
[Round "1"]
[White "Alquist, Erik"]
[Black "Payyappat, Sayas"]
[Result "1-0"]
[WhiteElo "1961"]
[BlackElo "1223"]
[PlyCount "71"]
[EventDate "2022.01.29"]
[EventType "swiss"]
[EventRounds "9"]
[EventCountry "GER"]
[SourceTitle "CBM 206 Extra"]
[Source "ChessBase"]
[SourceDate "2022.03.31"]
[SourceVersion "1"]
[SourceVersionDate "2022.03.31"]
[SourceQuality "1"]

1. d4 Nf6 2. c4 e6 3. Nf3 b6 4. g3 Bb4+ 5. Bd2 Bxd2+ 6. Qxd2 Bb7 7. Bg2 0-0 8. 0-0 c5 9. d5 exd5 10. cxd5 Bxd5 11. Nc3 Bb7 12. Rad1 Re8 13. Rfe1 Nc6 14. e4 d6 15. Qxd6 Qxd6 16. Rxd6 Rad8 17. Rxd8 Rxd8 18. e5 Nd5 19. Nb5 Ba8 20. a3 f6 21. exf6 gxf6 22. a4 a6 23. Na3 Kf7 24. Nc4 Ncb4 25. Nh4 Bc6 26. Be4 Bxa4 27. Bxh7 Bb5 28. Bg6+ Kf8 29. b3 Bxc4 30. bxc4 Ne7 31. Re6 Ng8 32. Rxb6 a5 33. Nf5 a4 34. Rb7 a3 35. Rf7+ Ke8 36. Ng7# 1-0

[Event "Prague op-A 19th"]
[Site "Prague"]
[Date "2020.01.12"]
[Round "4"]
[White "Novosadova, Kristyna"]
[Black "Alquist, Erik"]
[Result "1-0"]
[WhiteElo "2200"]
[BlackElo "2042"]
[PlyCount "56"]
[EventDate "2020.01.10"]
[EventType "swiss"]
[EventRounds "9"]
[EventCountry "CZE"]
[SourceTitle "CBM 195 Extra"]
[Source "ChessBase"]
[SourceDate "2020.05.31"]
[SourceVersion "1"]
[SourceVersionDate "2020.05.31"]
[SourceQuality "1"]

1. e4 c5 2. Nf3 e6 3. d4 cxd4 4. Nxd4 Nc6 5. Nc3 Qc7 6. Be3 a6 7. Nxc6 bxc6 8. Bd3 Nf6 9. f4 h5 10. e5 Ng4 11. Bg1 Bb4 12. h3 Nxe5 13. fxe5 Qxe5+ 14. Kd2 Bxc3+ 15. bxc3 Qg5+ 16. Be3 Qxg2+ 17. Qe2 Qd5 18. Rhg1 g6 19. Bd4 Rg8 20. Rab1 c5 21. Be4 Qd6 22. Bxa8 cxd4 23. cxd4 Qxd4+ 24. Qd3 Qf4+ 25. Qe3 Qd6+ 26. Kc1 a5 27. Rb6 Qe7 28. Rd1 Qb4 1-0

[Event "Wch Seniors 65 29th"]
[Site "Bucharest"]
[Date "2019.11.19"]
[Round "7"]
[White "Alquist, Erik"]
[Black "Jurek, Josef"]
[Result "1/2-1/2"]
[WhiteElo "2003"]
[BlackElo "2250"]
[PlyCount "54"]
[EventDate "2019.11.12"]
[EventType "swiss"]
[EventRounds "11"]
[EventCountry "ROU"]
[SourceTitle "CBM 193 Extra"]
[Source "ChessBase"]
[SourceDate "2020.01.31"]
[SourceVersion "1"]
[SourceVersionDate "2020.01.31"]
[SourceQuality "1"]

1. e4 e6 2. d4 d5 3. Nc3 Bb4 4. e5 c5 5. a3 Bxc3+ 6. bxc3 Qa5 7. Bd2 Qa4 8. Qg4 Kf8 9. h4 Nc6 10. h5 h6 11. Nf3 Nge7 12. Qf4 b6 13. dxc5 Qxf4 14. Bxf4 bxc5 15. Be3 c4 16. Bc5 f6 17. exf6 gxf6 18. Nd4 Nxd4 19. cxd4 Kf7 20. Rb1 Nc6 21. Be2 Nd8 22. Kd2 Nb7 23. Rb5 a6 24. Rb6 Nxc5 25. dxc5 Ra7 26. Kc3 Rc7 27. Kd4 Bb7 1/2-1/2

[Event "Heraklion op 27th"]
[Site "Heraklion"]
[Date "2019.09.09"]
[Round "8"]
[White "Alquist, Erik"]
[Black "Koumis, Filippos"]
[Result "1-0"]
[WhiteElo "2020"]
[BlackElo "1601"]
[PlyCount "109"]
[EventDate "2019.09.03"]
[EventType "swiss"]
[EventRounds "9"]
[EventCountry "GRE"]
[SourceTitle "EXT 2020"]
[Source "ChessBase"]
[SourceDate "2019.10.17"]
[SourceVersion "1"]
[SourceVersionDate "2019.10.17"]
[SourceQuality "1"]

1. e4 c5 2. Nf3 d6 3. d4 cxd4 4. Nxd4 Nf6 5. Nc3 a6 6. Bg5 e6 7. f4 Be7 8. Qf3 Qc7 9. 0-0-0 b5 10. e5 Bb7 11. Qg3 dxe5 12. fxe5 Nh5 13. Qh4 Bxg5+ 14. Qxg5 g6 15. Bd3 Qe7 16. Qe3 Bxg2 17. Rhg1 Bb7 18. Be4 0-0 19. Rg5 Bxe4 20. Nxe4 f5 21. Nd6 Nd7 22. Rdg1 f4 23. Qe2 f3 24. Nxf3 Nf4 25. Qe3 Rad8 26. R5g4 Ne2+ 27. Qxe2 Rxf3 28. Re4 Nxe5 29. Rxe5 Qxd6 30. Rxe6 Qf4+ 31. Kb1 Rf8 32. a3 Rf1+ 33. Rxf1 Qxf1+ 34. Ka2 Qxe2 35. Rxe2 Rf6 36. Kb3 g5 37. a4 bxa4+ 38. Kxa4 h5 39. b4 g4 40. c4 h4 41. b5 g3 42. hxg3 hxg3 43. Rg2 axb5+ 44. cxb5 Rf4+ 45. Ka5 Rf3 46. b6 Rf5+ 47. Ka6 Rf3 48. b7 Ra3+ 49. Kb6 Rb3+ 50. Kc6 Rc3+ 51. Kd5 Rd3+ 52. Kc4 Rd8 53. Rxg3+ Kf7 54. Kc5 Ke7 55. Re3+ 1-0

[Event "Heraklion op 27th"]
[Site "Heraklion"]
[Date "2019.09.08"]
[Round "7"]
[White "Bras, Emanouel"]
[Black "Alquist, Erik"]
[Result "1-0"]
[WhiteElo "1838"]
[BlackElo "2020"]
[PlyCount "135"]
[EventDate "2019.09.03"]
[EventType "swiss"]
[EventRounds "9"]
[EventCountry "GRE"]
[SourceTitle "EXT 2020"]
[Source "ChessBase"]
[SourceDate "2019.10.17"]
[SourceVersion "1"]
[SourceVersionDate "2019.10.17"]
[SourceQuality "1"]

1. d4 Nf6 2. Nf3 d5 3. Bf4 c5 4. c3 Nc6 5. e3 Qb6 6. Qb3 c4 7. Qc2 Bf5 8. Qc1 h6 9. Nbd2 e6 10. Be2 Be7 11. h3 0-0 12. 0-0 Rfc8 13. Ne5 Qd8 14. Qd1 b5 15. Ndf3 a5 16. g4 Bh7 17. Bg3 Ne4 18. Bh2 b4 19. Nxc6 Rxc6 20. Ne5 Rb6 21. Bf3 bxc3 22. Bxe4 Bxe4 23. bxc3 f6 24. Nf3 Ba3 25. Nd2 Bd3 26. Re1 Bb2 27. Rc1 a4 28. e4 a3 29. exd5 exd5 30. Qf3 Bxc1 31. Rxc1 Rb2 32. Nf1 Rxa2 33. Ne3 Be4 34. Qf4 Rb2 35. Nxc4 dxc4 36. Qxe4 a2 37. Ra1 Ra7 38. Kg2 Re7 39. Qc6 Qd7 40. Qxc4+ Qe6 41. d5 Qe4+ 42. Qxe4 Rxe4 43. d6 Ree2 44. Bg3 Red2 45. c4 Rb1 46. Rxa2 Rxa2 47. c5 Rc2 48. d7 Rd1 49. Bd6 Rxc5 50. d8Q+ Kh7 51. Qe7 Rcd5 52. Bg3 R1d4 53. Qb7 Kg8 54. Bc7 Rd7 55. Qc8+ Kh7 56. Bb6 R4d5 57. h4 g6 58. Be3 Kg7 59. Bxh6+ Kxh6 60. Qh8+ Rh7 61. Qxf6 Rg7 62. h5 Rdd7 63. hxg6 Rxg6 64. Qf8+ Rdg7 65. f3 Kh7 66. Kg3 Rg8 67. Qf5 Kh6 68. Qh5+ 1-0

[Event "Heraklion op 27th"]
[Site "Heraklion"]
[Date "2019.09.04"]
[Round "2"]
[White "Alquist, Erik"]
[Black "Tsapaki, Asimenia"]
[Result "1-0"]
[WhiteElo "2020"]
[BlackElo "1460"]
[PlyCount "49"]
[EventDate "2019.09.03"]
[EventType "swiss"]
[EventRounds "9"]
[EventCountry "GRE"]
[SourceTitle "EXT 2020"]
[Source "ChessBase"]
[SourceDate "2019.10.17"]
[SourceVersion "1"]
[SourceVersionDate "2019.10.17"]
[SourceQuality "1"]

1. e4 c5 2. Nf3 Nf6 3. Nc3 d5 4. exd5 Nxd5 5. Bc4 e6 6. 0-0 Be7 7. Re1 Nc6 8. d4 Nb6 9. Bb5 Bd7 10. d5 Nb4 11. dxe6 fxe6 12. Ne5 Bxb5 13. Qh5+ g6 14. Nxg6 Kd7 15. Rd1+ Bd6 16. Nxh8 Qxh8 17. Nxb5 Nc8 18. Bf4 Nd5 19. Bxd6 Nxd6 20. Nxd6 Kxd6 21. c4 Rf8 22. cxd5 Rf5 23. dxe6+ Kxe6 24. Re1+ Kf6 25. Qh6+ 1-0

[Event "Heraklion op 27th"]
[Site "Heraklion"]
[Date "2019.09.04"]
[Round "3"]
[White "Mirzoev, Emil"]
[Black "Alquist, Erik"]
[Result "1-0"]
[WhiteElo "2477"]
[BlackElo "2020"]
[PlyCount "109"]
[EventDate "2019.09.03"]
[EventType "swiss"]
[EventRounds "9"]
[EventCountry "GRE"]
[SourceTitle "EXT 2020"]
[Source "ChessBase"]
[SourceDate "2019.10.17"]
[SourceVersion "1"]
[SourceVersionDate "2019.10.17"]
[SourceQuality "1"]

1. d4 Nf6 2. c4 g6 3. Nc3 d5 4. Nf3 Bg7 5. h4 c6 6. Bg5 Ne4 7. e3 Qa5 8. Qb3 Nxc3 9. bxc3 h6 10. Bf4 b6 11. cxd5 cxd5 12. Bb5+ Bd7 13. a4 Bxb5 14. Qxb5+ Qxb5 15. axb5 a5 16. bxa6 Rxa6 17. Kd2 Kd7 18. Be5 f6 19. Bxb8 Rxa1 20. Rxa1 Rxb8 21. Ra7+ Kd6 22. Ne1 f5 23. Nd3 Bf6 24. g3 Rc8 25. Nb4 Rb8 26. Kc2 g5 27. h5 g4 28. Nd3 Rc8 29. Kb3 Rg8 30. Ra6 Kc6 31. Ka4 Rb8 32. Nb4+ Kd6 33. Kb5 e6 34. Rxb6+ Rxb6+ 35. Kxb6 Bd8+ 36. Kb5 Bf6 37. Nd3 Bg7 38. c4 dxc4 39. Kxc4 Bf6 40. Nc5 Bg5 41. e4 Bd2 42. e5+ Ke7 43. d5 exd5+ 44. Kxd5 Ba5 45. Nd3 Bd2 46. e6 Bc3 47. Ne5 Be1 48. Ng6+ Ke8 49. Nh4 f4 50. gxf4 Bxf2 51. Ng2 Ke7 52. f5 Bb6 53. Ke4 Bc7 54. Ne3 Bd6 55. Nxg4 1-0

[Event "SWE-chT 1819 Superettan"]
[Site "Sweden"]
[Date "2018.11.11"]
[Round "3"]
[White "Alquist, Erik"]
[Black "Henriksson, Johan"]
[Result "0-1"]
[WhiteElo "2034"]
[BlackElo "2262"]
[PlyCount "36"]
[EventDate "2018.11.09"]
[EventType "team-tourn"]
[EventRounds "9"]
[EventCountry "SWE"]
[SourceTitle "EXT 2020"]
[Source "ChessBase"]
[SourceDate "2019.10.17"]
[SourceVersion "1"]
[SourceVersionDate "2019.10.17"]
[SourceQuality "1"]
[WhiteTeam "Sodra"]
[BlackTeam "Kungstornet"]
[WhiteTeamCountry "SWE"]
[BlackTeamCountry "SWE"]

1. e4 c6 2. d4 d5 3. Nc3 dxe4 4. Nxe4 Nf6 5. Nxf6+ gxf6 6. g3 Qd5 7. Nf3 Bf5 8. c4 Qe4+ 9. Qe2 Na6 10. Bd2 0-0-0 11. Bc3 e5 12. Rd1 Nb4 13. Bg2 exd4 14. Bxd4 Nd3+ 15. Rxd3 Qxd3 16. Qxd3 Bxd3 17. Kd2 Be4 18. Kc3 c5 0-1

[Event "Helsingor Xtracon op"]
[Site "Helsingor"]
[Date "2018.07.29"]
[Round "10"]
[White "Berg, Margar"]
[Black "Alquist, Erik"]
[Result "0-1"]
[WhiteElo "1859"]
[BlackElo "2035"]
[PlyCount "86"]
[EventDate "2018.07.21"]
[EventType "swiss"]
[EventRounds "10"]
[EventCountry "DEN"]
[SourceTitle "CBM 185 Extra"]
[Source "ChessBase"]
[SourceDate "2018.07.29"]
[SourceVersion "1"]
[SourceVersionDate "2018.07.29"]
[SourceQuality "1"]

1. d4 Nf6 2. Bg5 d5 3. Bxf6 exf6 4. c4 dxc4 5. Nc3 Bd6 6. e3 0-0 7. Bxc4 Nd7 8. Nf3 f5 9. Qc2 Nf6 10. 0-0-0 a6 11. h4 h5 12. Ng5 b5 13. Bd5 Nxd5 14. Nxd5 g6 15. e4 fxe4 16. Nxe4 Bf5 17. f3 Kg7 18. Qd2 c6 19. Nxd6 Qxd6 20. Ne3 Be6 21. g4 Rh8 22. Kb1 Bd5 23. Rh3 Qe6 24. Nxd5 Qxd5 25. Qf4 Rae8 26. g5 Re6 27. Rh2 Rf8 28. Rc2 f6 29. Rc5 Qd7 30. Qg3 Qd6 31. Qxd6 Rxd6 32. Rdc1 Rxd4 33. Rxc6 Rxh4 34. Rxa6 Rf4 35. Rc7+ Rf7 36. Rcc6 Rxf3 37. Rab6 h4 38. Rxb5 h3 39. Rc1 fxg5 40. Rxg5 h2 41. Rg2 Rf2 42. Rxf2 Rxf2 43. Rh1 Rg2 0-1

[Event "Politiken Cup 37th"]
[Site "Helsingor"]
[Date "2015.08.01"]
[Round "9"]
[White "Alquist, Erik"]
[Black "Berntsen Oybo, August"]
[Result "1-0"]
[WhiteElo "2061"]
[BlackElo "1777"]
[PlyCount "101"]
[EventDate "2015.07.25"]
[EventType "swiss"]
[EventRounds "10"]
[EventCountry "DEN"]
[SourceTitle "CBM 167 Extra"]
[Source "ChessBase"]
[SourceDate "2015.09.14"]
[SourceVersion "1"]
[SourceVersionDate "2015.09.14"]
[SourceQuality "1"]

1. e4 c5 2. Nf3 Nc6 3. d4 cxd4 4. Nxd4 Nf6 5. Nc3 e5 6. Ndb5 d6 7. Bg5 a6 8. Na3 b5 9. Nd5 Be7 10. Bxf6 Bxf6 11. c4 b4 12. Nc2 a5 13. g3 Bg5 14. h4 Be7 15. Bh3 Bxh3 16. Rxh3 0-0 17. Qd3 Rb8 18. 0-0-0 a4 19. Nce3 b3 20. a3 Nd4 21. Kb1 Re8 22. f4 Bf8 23. f5 Rc8 24. g4 Qa5 25. g5 Qa6 26. Rc1 Rc5 27. h5 Rec8 28. f6 Nc2 29. fxg7 Kxg7 30. Rf1 Nxe3 31. Nxe3 R8c7 32. Rhf3 Qc6 33. g6 hxg6 34. hxg6 fxg6 35. Rxf8 Rxc4 36. Nxc4 Qxc4 37. Qxc4 Rxc4 38. R8f7+ Kh6 39. R7f6 Kg5 40. Rxd6 Rxe4 41. Rg1+ Kf5 42. Rdxg6 Re2 43. R6g2 Re3 44. Kc1 Rd3 45. Rf1+ Ke6 46. Rg4 Re3 47. Rxa4 Kd5 48. Kd2 Rh3 49. Re1 Rh2+ 50. Re2 Rh5 51. Rb4 1-0

[Event "Politiken Cup 37th"]
[Site "Helsingor"]
[Date "2015.07.31"]
[Round "8"]
[White "Smeby, Ole"]
[Black "Alquist, Erik"]
[Result "0-1"]
[WhiteElo "1895"]
[BlackElo "2061"]
[PlyCount "78"]
[EventDate "2015.07.25"]
[EventType "swiss"]
[EventRounds "10"]
[EventCountry "DEN"]
[SourceTitle "CBM 167 Extra"]
[Source "ChessBase"]
[SourceDate "2015.09.14"]
[SourceVersion "1"]
[SourceVersionDate "2015.09.14"]
[SourceQuality "1"]

1. d4 Nf6 2. Nf3 g6 3. c4 Bg7 4. Nc3 0-0 5. e4 d6 6. Be2 e5 7. 0-0 exd4 8. Nxd4 Re8 9. Bf3 Nbd7 10. Re1 Ne5 11. Be2 Bd7 12. f3 h5 13. Bg5 c6 14. Qd2 Qb6 15. Be3 Qa5 16. Rad1 Rad8 17. Nb3 Qb4 18. Qxd6 Qxd6 19. Rxd6 Be6 20. Rxd8 Rxd8 21. Na5 b6 22. f4 bxa5 23. fxe5 Nd7 24. Bxa7 Nxe5 25. Bb6 Rd2 26. Bxa5 Rxb2 27. Rb1 Rc2 28. Bd1 Rd2 29. Bb3 Nxc4 30. Bxc4 Bd4+ 31. Kh1 Bxc4 32. a3 Rc2 33. Na4 Bd3 34. Re1 Bf2 35. Rd1 Bxe4 36. Bc3 f5 37. Bd2 Bd4 38. h4 Ra2 39. Nc3 Bxg2+ 0-1

[Event "Politiken Cup 37th"]
[Site "Helsingor"]
[Date "2015.07.30"]
[Round "7"]
[White "Alquist, Erik"]
[Black "Haugland, Rasmus L"]
[Result "1/2-1/2"]
[WhiteElo "2061"]
[BlackElo "1884"]
[PlyCount "88"]
[EventDate "2015.07.25"]
[EventType "swiss"]
[EventRounds "10"]
[EventCountry "DEN"]
[SourceTitle "CBM 167 Extra"]
[Source "ChessBase"]
[SourceDate "2015.09.14"]
[SourceVersion "1"]
[SourceVersionDate "2015.09.14"]
[SourceQuality "1"]

1. e4 c6 2. d4 d5 3. e5 Bf5 4. Nf3 e6 5. Be2 Nd7 6. 0-0 Bg6 7. Nbd2 Nh6 8. Nb3 Nf5 9. a4 a5 10. Bd2 Be7 11. Rc1 0-0 12. g4 Nh4 13. Nxh4 Bxh4 14. f4 f5 15. g5 h6 16. gxh6 gxh6 17. Bh5 Kh7 18. Kh1 Rg8 19. Rg1 b6 20. Bxg6+ Rxg6 21. Rxg6 Kxg6 22. Qf3 Qe7 23. c4 Rg8 24. c5 Kh7 25. cxb6 Nxb6 26. Nxa5 Nxa4 27. Nxc6 Qb7 28. b3 Rc8 29. bxa4 Rxc6 30. Rg1 Qf7 31. a5 Rc2 32. Qd3 Rc4 33. Rb1 Qa7 34. Rb4 Bf2 35. Rxc4 dxc4 36. Qxc4 Qb7+ 37. d5 exd5 38. Qb4 Qg7 39. Qb1 Qg4 40. Qb7+ Kg6 41. Qc6+ Kh5 42. Qe8+ Kh4 43. Qe7+ Kh3 44. Qa3+ Kh4 1/2-1/2

[Event "Stockholm op"]
[Site "Stockholm"]
[Date "2014.05.29"]
[Round "3"]
[White "Alquist, Erik"]
[Black "Gundersen, Ingvar"]
[Result "1/2-1/2"]
[WhiteElo "2036"]
[BlackElo "1811"]
[PlyCount "120"]
[EventDate "2014.05.28"]
[EventType "swiss"]
[EventRounds "9"]
[EventCountry "SWE"]
[SourceTitle "CBM 160 Extra"]
[Source "ChessBase"]
[SourceDate "2014.07.01"]
[SourceVersion "1"]
[SourceVersionDate "2014.07.01"]
[SourceQuality "1"]

1. e4 Nf6 2. e5 Nd5 3. d4 d6 4. Nf3 Bg4 5. Be2 c6 6. 0-0 dxe5 7. Nxe5 Bxe2 8. Qxe2 e6 9. Rd1 Be7 10. c4 Nc7 11. Nc3 0-0 12. Qg4 f5 13. Qg3 Bh4 14. Qh3 Qe7 15. b3 Nba6 16. a4 Nb4 17. Ba3 a5 18. Bxb4 axb4 19. Ne2 f4 20. Nf3 Bg5 21. Nxg5 Qxg5 22. Qf3 Ra5 23. Nc1 Raf5 24. Nd3 Qh6 25. Re1 Rh5 26. h3 Rff5 27. Re4 g5 28. Ne5 Rh4 29. Rae1 Qg7 30. Nd3 g4 31. hxg4 Rxg4 32. Nxf4 Qg5 33. g3 h5 34. Qe3 h4 35. Nxe6 hxg3 36. Nxg5 gxf2+ 37. Kh2 fxe1Q 38. Qxe1 Rgxg5 39. Rh4 Rg6 40. Qe3 Rfg5 41. Qh3 Ne6 42. Rh6 Rg2+ 43. Qxg2 Rxg2+ 44. Kxg2 Nxd4 45. Rh3 Kg7 46. Rd3 c5 47. Rxd4 cxd4 48. Kf3 Kf6 49. Ke4 d3 50. Kxd3 Ke5 51. a5 Kd6 52. Kd4 Kc6 53. c5 Kb5 54. Kd5 Ka6 55. Kd6 Kxa5 56. c6 bxc6 57. Kxc6 Ka6 58. Kc5 Ka5 59. Kc4 Ka6 60. Kxb4 Kb6 1/2-1/2

[Event "Stockholm op"]
[Site "Stockholm"]
[Date "2014.05.28"]
[Round "2"]
[White "Schneider, Stefan"]
[Black "Alquist, Erik"]
[Result "1-0"]
[WhiteElo "2362"]
[BlackElo "2036"]
[PlyCount "83"]
[EventDate "2014.05.28"]
[EventType "swiss"]
[EventRounds "9"]
[EventCountry "SWE"]
[SourceTitle "CBM 160 Extra"]
[Source "ChessBase"]
[SourceDate "2014.07.01"]
[SourceVersion "1"]
[SourceVersionDate "2014.07.01"]
[SourceQuality "1"]

1. d4 Nf6 2. c4 g6 3. Nc3 Bg7 4. Bg5 d6 5. e3 c6 6. Nf3 Qa5 7. Bd3 Bg4 8. Bh4 Qh5 9. Bg3 Bxf3 10. Qxf3 Qxf3 11. gxf3 Nbd7 12. f4 Nh5 13. Bh4 e5 14. Ne4 exd4 15. Nxd6+ Kf8 16. 0-0-0 Nc5 17. Be2 dxe3 18. Bxh5 gxh5 19. fxe3 Rg8 20. Nf5 Re8 21. Rd2 a5 22. Rhd1 Ne4 23. Rd7 Bf6 24. Bxf6 Nxf6 25. Rxb7 Rg2 26. h3 h4 27. a4 h5 28. Rd6 Re6 29. Rb8+ Ne8 30. Rxe6 fxe6 31. Nd6 Ke7 32. Nxe8 Rg3 33. Nc7 Rxh3 34. Rh8 Rxe3 35. Rxh5 h3 36. Kd2 Rg3 37. Rh6 Rg2+ 38. Kc3 h2 39. Kd4 Rxb2 40. Kc5 Kf7 41. Nxe6 Ra2 42. Nd4 1-0

[Event "Cappelle op 30th"]
[Site "Cappelle la Grande"]
[Date "2014.03.03"]
[Round "4"]
[White "Alquist, Erik"]
[Black "Roser, Kevin"]
[Result "0-1"]
[WhiteElo "2054"]
[BlackElo "2422"]
[PlyCount "64"]
[EventDate "2014.03.01"]
[EventType "swiss"]
[EventRounds "9"]
[EventCountry "FRA"]
[SourceTitle "CBM 159 Extra"]
[Source "ChessBase"]
[SourceDate "2014.04.24"]
[SourceVersion "1"]
[SourceVersionDate "2014.04.24"]
[SourceQuality "1"]

1. e4 c5 2. Nf3 Nc6 3. d4 cxd4 4. Nxd4 Nf6 5. Nc3 d6 6. Bg5 e6 7. Qd2 a6 8. 0-0-0 Be7 9. f3 h6 10. Be3 Nxd4 11. Bxd4 b5 12. Kb1 Rb8 13. Qf2 Qa5 14. g4 b4 15. Ne2 e5 16. Ba7 Rb7 17. Nc1 Be6 18. h4 d5 19. Nb3 Qc7 20. Bc5 dxe4 21. Bxe7 Kxe7 22. Nc5 Qb6 23. g5 hxg5 24. Bxa6 Rc7 25. hxg5 Rxh1 26. gxf6+ gxf6 27. Rxh1 Rxc5 28. fxe4 Bxa2+ 29. Kc1 b3 30. Kd1 Qd6+ 31. Qd2 bxc2+ 32. Kc1 Qxa6 0-1

[Event "Stockholm All Saints op"]
[Site "Stockholm"]
[Date "2013.11.02"]
[Round "6"]
[White "Alquist, Erik"]
[Black "Isakson, Alex"]
[Result "1-0"]
[WhiteElo "2061"]
[BlackElo "2004"]
[PlyCount "69"]
[EventDate "2013.10.31"]
[EventType "swiss"]
[EventRounds "7"]
[EventCountry "SWE"]
[SourceTitle "EXT 2014"]
[Source "ChessBase"]
[SourceDate "2013.11.20"]
[SourceVersion "1"]
[SourceVersionDate "2013.11.20"]
[SourceQuality "1"]

1. e4 e6 2. d4 d5 3. Nd2 c5 4. Ngf3 Nc6 5. exd5 exd5 6. Be2 Nf6 7. 0-0 Bg4 8. Re1 Qb6 9. h3 Bh5 10. Bd3+ Be7 11. dxc5 Qxc5 12. Nb3 Qd6 13. Be3 a6 14. Bc5 Qc7 15. Bxe7 Nxe7 16. Qe2 Rc8 17. Nbd4 Bg6 18. Nf5 Bxf5 19. Bxf5 Rd8 20. Nd4 g6 21. Bd3 Rd7 22. Qe3 0-0 23. Qg5 Ne8 24. Re3 Ng7 25. Rae1 Nc6 26. Nf3 Nb4 27. c3 Nxd3 28. Rxd3 Qc4 29. Ne5 f6 30. Nxc4 fxg5 31. Nb6 Rd6 32. Nxd5 Rfd8 33. Red1 Nf5 34. g4 Ng7 35. Ne7+ 1-0

[Event "Stockholm All Saints op"]
[Site "Stockholm"]
[Date "2013.11.02"]
[Round "5"]
[White "Sjostrand, Joel"]
[Black "Alquist, Erik"]
[Result "1-0"]
[WhiteElo "1976"]
[BlackElo "2061"]
[PlyCount "77"]
[EventDate "2013.10.31"]
[EventType "swiss"]
[EventRounds "7"]
[EventCountry "SWE"]
[SourceTitle "EXT 2014"]
[Source "ChessBase"]
[SourceDate "2013.11.20"]
[SourceVersion "1"]
[SourceVersionDate "2013.11.20"]
[SourceQuality "1"]

1. c4 c5 2. g3 Nc6 3. Bg2 g6 4. d3 Bg7 5. e4 e6 6. Ne2 Nge7 7. Nbc3 0-0 8. 0-0 d6 9. Be3 Nd4 10. Qd2 Nec6 11. Bh6 Rb8 12. Bxg7 Kxg7 13. Nxd4 Nxd4 14. f4 e5 15. Nd5 b5 16. b3 f6 17. fxe5 dxe5 18. Rac1 b4 19. Rf2 Be6 20. Rcf1 Bxd5 21. cxd5 Qd6 22. Qc1 a5 23. Bf3 Ra8 24. Bd1 Ra7 25. Kg2 Raf7 26. g4 h6 27. h4 Kh7 28. g5 hxg5 29. hxg5 f5 30. Qe3 Kg8 31. Rh1 Qe7 32. Rh6 Rg7 33. Kg1 f4 34. Qh3 Qxg5+ 35. Rg2 Qe7 36. Rgxg6 Rxg6+ 37. Rxg6+ Kf7 38. Qh5 Rh8 39. Rh6+ 1-0